000 00349 a2200157 4500
001 49548
020 _a8599007270
040 _cAnchieta - Bela Vista
100 _aGouveia, Luis Augusto
240 1 0 _aCâncer, como assim?
_lpor
245 1 0 _aCâncer, como assim?
300 _a24
362 0 _a2005
650 4 _aLiteratura juvenil
942 _cBK
999 _c49548
_d49548